| 000 | 00573nam a22002057a 4500 | ||
|---|---|---|---|
| 003 | OSt | ||
| 005 | 20140310182806.0 | ||
| 008 | 130214t xxu||||| |||| 00| 0 eng d | ||
| 020 | _a0446670553 | ||
| 050 |
_aHC 186.5 _b.Se472 1993 |
||
| 082 |
_aM 338.0924 _bSe5 1993 |
||
| 245 |
_aMaverick _bThe success story behind the world's most unusual workplace _cSemler, Ricardo |
||
| 260 |
_aNew York _bWarner Books _cc1993 |
||
| 300 |
_a335 p. _c21 cm. _bill. |
||
| 521 | _aCollege students | ||
| 526 | _c1210L-1700L | ||
| 541 | _j1 | ||
| 562 | _e1 | ||
| 942 |
_2lcc _cBK _kM |
||
| 999 |
_c16083 _d16083 |
||